[Event "Memorial Perezzani A"]
[Site "?"]
[Date "2019.03.02"]
[Round "3.12"]
[White "Pasin, Mattia"]
[Black "Marin, Alessandro"]
[Result "1/2-1/2"]
[WhiteElo "1851"]
[BlackElo "1892"]
[PlyCount "102"]
[EventDate "2019.??.??"]

1. d4 d5 2. c4 dxc4 3. e3 e6 4. Bxc4 Nf6 5. Nf3 c5 6. O-O a6 7. a4 Nc6 8. Nc3
cxd4 9. exd4 Nb4 10. Bg5 Be7 11. Qb3 Nbd5 12. Bxd5 Nxd5 13. Nxd5 Qxd5 14. Qxd5
exd5 15. Bxe7 Kxe7 16. Rac1 Kd6 17. Ng5 Be6 18. f4 g6 19. h3 Rab8 20. g4 h6 21.
Nf3 f6 22. Rce1 h5 23. f5 gxf5 24. gxf5 Rhg8+ 25. Kh2 Bd7 26. b3 Rbc8 27. Rf2
Rc3 28. Ne5 Rgg3 29. Nxd7 Rxh3+ 30. Kg1 Kxd7 31. Re6 Rc6 32. Rfe2 Rxe6 33. Rxe6
Rxb3 34. Rxf6 Rb4 35. a5 Rxd4 36. Rb6 Kc7 37. Rh6 h4 38. Rh7+ Kc6 39. f6 Rf4
40. f7 Kb5 41. Kg2 Kxa5 42. Kh3 b5 43. Rg7 b4 44. Kg2 Ka4 45. Rh7 b3 46. Rxh4
Rxh4 47. f8=Q Rb4 48. Qf5 b2 49. Qb1 a5 50. Qa2+ Kb5 51. Qxd5+ Ka4 1/2-1/2

[Event "Memorial Perezzani A"]
[Site "?"]
[Date "2019.03.03"]
[Round "4.1"]
[White "Zenari, Marco"]
[Black "Govoni, Fausto"]
[Result "1-0"]
[WhiteElo "2174"]
[BlackElo "2149"]
[PlyCount "57"]
[EventDate "2019.??.??"]

1. e4 c5 2. Nf3 d6 3. d4 cxd4 4. Nxd4 Nf6 5. Nc3 g6 6. Be3 Bg7 7. f3 Nc6 8. Qd2
O-O 9. O-O-O Nxd4 10. Bxd4 Be6 11. Kb1 Qc7 12. h4 Rfc8 13. h5 Qa5 14. a3 Rab8
15. hxg6 fxg6 16. Bd3 b5 17. Qg5 Bf7 18. Nd5 Bxd5 19. Bxf6 b4 20. Rxh7 Ba2+ 21.
Kxa2 Qxg5 22. Rxg7+ Kf8 23. Bxg5 Kxg7 24. Bxe7 Rc6 25. a4 Kf7 26. Bg5 Rh8 27.
Bf4 g5 28. Bxg5 Rg8 29. f4 1-0

[Event "Memorial Perezzani A"]
[Site "?"]
[Date "2019.03.03"]
[Round "4.2"]
[White "Gigovski, Gjoko"]
[Black "Zanchetta, Nicola"]
[Result "1/2-1/2"]
[WhiteElo "2152"]
[BlackElo "2042"]
[PlyCount "85"]
[EventDate "2019.??.??"]

1. d4 d5 2. Bf4 Nc6 3. e3 Nf6 4. Nf3 Bg4 5. Nbd2 e6 6. h3 Bxf3 7. Qxf3 Bd6 8.
Bb5 Bxf4 9. exf4 Qd6 10. c3 O-O-O 11. a4 g6 12. a5 a6 13. Bxc6 Qxc6 14. O-O Ne4
15. Nxe4 dxe4 16. Qe3 Rhe8 17. Rae1 f5 18. f3 exf3 19. Rxf3 Rd5 20. b4 Qc4 21.
Qd2 b6 22. axb6 cxb6 23. Rfe3 Kd7 24. Re5 Rxe5 25. dxe5+ Ke7 26. Qd6+ Kf7 27.
Qxb6 Qxc3 28. Rd1 Re7 29. Kh2 g5 30. Qf2 Qxb4 31. fxg5 a5 32. g4 Qc3 33. Re1
Rd7 34. Re2 Qd4 35. g6+ hxg6 36. Qh4 Qf4+ 37. Kg2 Kg7 38. Qf6+ Kh7 39. Qxe6 Rd3
40. Qe7+ Kg8 41. Qe8+ Kg7 42. Qe7+ Kg8 43. Qe8+ 1/2-1/2

[Event "Memorial Perezzani A"]
[Site "?"]
[Date "2019.03.03"]
[Round "4.3"]
[White "Paler, Adrian"]
[Black "Gregori, Giacomo"]
[Result "0-1"]
[WhiteElo "2162"]
[BlackElo "2301"]
[PlyCount "68"]
[EventDate "2019.??.??"]

1. e4 c6 2. d4 d5 3. e5 Bf5 4. Nf3 e6 5. Be2 Ne7 6. O-O Bg6 7. b3 c5 8. Na3
cxd4 9. Nb5 Nec6 10. Nbxd4 Nd7 11. Bb5 Qc7 12. Bf4 a6 13. Nxc6 bxc6 14. Bd3 Be7
15. Qe2 a5 16. Nd4 Qb6 17. Bxg6 hxg6 18. Rfd1 O-O 19. Qg4 Nc5 20. Be3 Qc7 21.
Nf3 Ne4 22. h4 a4 23. h5 gxh5 24. Qxh5 axb3 25. axb3 Ra5 26. Rxa5 Qxa5 27. Qg4
Ra8 28. Bd4 Qb5 29. Nd2 Nxd2 30. Rxd2 Qb4 31. Qe2 c5 32. Be3 Qe4 33. Qd3 Ra1+
34. Kh2 Qh4# 0-1

[Event "Memorial Perezzani A"]
[Site "?"]
[Date "2019.03.03"]
[Round "4.5"]
[White "Tramalloni, Luca"]
[Black "Faccia, Sergio"]
[Result "1-0"]
[WhiteElo "2014"]
[BlackElo "1989"]
[PlyCount "65"]
[EventDate "2019.??.??"]

1. d4 c5 2. d5 Nf6 3. c4 b5 4. cxb5 a6 5. b6 d6 6. Nc3 Nbd7 7. Nf3 g6 8. e4 Bg7
9. a4 Qxb6 10. a5 Qc7 11. Be2 O-O 12. O-O Bb7 13. Re1 Rfe8 14. Ra3 Rab8 15. g3
Bc8 16. Nd2 Nf8 17. Nc4 N6d7 18. Bf4 h6 19. Qd2 Kh7 20. Bf1 g5 21. Be3 Ng6 22.
f4 gxf4 23. gxf4 Rg8 24. Kh1 Bb7 25. Bd3 e6 26. Bb1 Bxc3 27. Rxc3 exd5 28. exd5
Nf6 29. Nb6 Kh8 30. f5 Ne7 31. Bd4 Kh7 32. Bxf6 Nc8 33. Qxh6+ 1-0

[Event "Memorial Perezzani A"]
[Site "?"]
[Date "2019.03.03"]
[Round "4.6"]
[White "Casadio, Niccolò"]
[Black "Pavesi, Brando"]
[Result "1/2-1/2"]
[WhiteElo "1930"]
[BlackElo "2017"]
[PlyCount "42"]
[EventDate "2019.??.??"]

1. e4 c6 2. d4 d5 3. exd5 cxd5 4. c4 Nf6 5. Nc3 Nc6 6. Bf4 Be6 7. c5 g6 8. Nf3
Bg7 9. Bb5 O-O 10. Bxc6 bxc6 11. Ne5 Qc8 12. Qa4 Re8 13. h3 Nd7 14. Nf3 Bf5 15.
g4 Bd3 16. O-O-O Qa6 17. Qxa6 Bxa6 18. Rhe1 Rad8 19. Kc2 e6 20. g5 Bc4 21. Re3
Rc8 1/2-1/2

[Event "Memorial Perezzani A"]
[Site "?"]
[Date "2019.03.03"]
[Round "4.7"]
[White "Ghiotto, Marco Luigi"]
[Black "Baruzzo, Fabio"]
[Result "1-0"]
[WhiteElo "1998"]
[BlackElo "1813"]
[PlyCount "51"]
[EventDate "2019.??.??"]

1. d4 d5 2. c4 e6 3. Nf3 c5 4. g3 Nc6 5. cxd5 exd5 6. Bg2 Nf6 7. O-O Be7 8. Nc3
O-O 9. b3 Bf5 10. Bb2 Be4 11. dxc5 Bxc5 12. Rc1 Bb4 13. Nxe4 dxe4 14. Nd4 Rc8
15. Nxc6 Rxc6 16. Rxc6 bxc6 17. Qc2 Qd6 18. Rd1 Qe6 19. Bxf6 Qxf6 20. Bxe4 Bc3
21. Bxh7+ Kh8 22. Be4 g6 23. Rd3 Bd4 24. Rf3 Qg5 25. Bxg6 Bxf2+ 26. Rxf2 1-0

[Event "Memorial Perezzani A"]
[Site "?"]
[Date "2019.03.03"]
[Round "4.8"]
[White "Bordignon, Angelo"]
[Black "Giuriato, Sergio"]
[Result "1-0"]
[WhiteElo "2004"]
[BlackElo "1890"]
[PlyCount "85"]
[EventDate "2019.??.??"]

1. d4 Nf6 2. c4 e6 3. Nc3 Bb4 4. f3 d5 5. a3 Bxc3+ 6. bxc3 c5 7. cxd5 exd5 8.
e3 O-O 9. Bd3 Nc6 10. Ne2 c4 11. Bb1 Re8 12. O-O b5 13. Ng3 Na5 14. Ra2 Nb3 15.
Re2 Rb8 16. Bb2 a5 17. h3 Qc7 18. Nh1 Bb7 19. Qe1 Bc6 20. Qh4 h6 21. Rfe1 b4
22. axb4 axb4 23. g4 Nh7 24. f4 Qe7 25. g5 Nf8 26. Qh5 hxg5 27. Rg2 g6 28. Qh6
gxf4 29. e4 Nxd4 30. cxb4 Qa7 31. Nf2 Nf3+ 32. Kh1 d4 33. Ng4 Qe7 34. Qxf4 c3
35. Nh6+ Kh7 36. Qxf3 Kxh6 37. Bc1+ Kg7 38. Qf4 Qxb4 39. Qh6+ Kg8 40. Ba2 Qe7
41. Rxg6+ Nxg6 42. Qxg6+ Kh8 43. Qh6+ 1-0

[Event "Memorial Perezzani A"]
[Site "?"]
[Date "2019.03.03"]
[Round "4.9"]
[White "Vincenzi, Marco"]
[Black "Kocur, Marc"]
[Result "1-0"]
[WhiteElo "2057"]
[BlackElo "1881"]
[PlyCount "45"]
[EventDate "2019.??.??"]

1. d4 Nc6 2. Nf3 d6 3. d5 Ne5 4. Nxe5 dxe5 5. e4 Nf6 6. f3 g6 7. c4 Qd6 8. Nc3
a6 9. Be3 Nd7 10. Qa4 Kd8 11. Be2 f5 12. O-O f4 13. Bf2 g5 14. b4 h5 15. c5 Qh6
16. Rfe1 g4 17. d6 g3 18. dxc7+ Ke8 19. hxg3 fxg3 20. Bxg3 Qe3+ 21. Bf2 Qh6 22.
Bb5 Qe6 23. c6 1-0

[Event "Memorial Perezzani A"]
[Site "?"]
[Date "2019.03.03"]
[Round "4.10"]
[White "Carini, Massimo"]
[Black "Sala, Sergio"]
[Result "1-0"]
[WhiteElo "1980"]
[BlackElo "1839"]
[PlyCount "79"]
[EventDate "2019.??.??"]

1. e4 Nf6 2. Nc3 d5 3. e5 Ne4 4. Nce2 d4 5. d3 Nc5 6. Nf3 Ne6 7. g3 b6 8. Bg2
Bb7 9. O-O c5 10. Nfxd4 Bxg2 11. Nxe6 Qc8 12. Kxg2 Qxe6 13. Nf4 Qc6+ 14. Kg1 e6
15. c3 Nd7 16. d4 O-O-O 17. Qe2 Be7 18. b4 cxb4 19. cxb4 Bxb4 20. Be3 Kb8 21.
Rab1 Ba5 22. Rfc1 Qb7 23. Nd3 Rc8 24. Nc5 Nxc5 25. dxc5 Rhd8 26. Rd1 Rxd1+ 27.
Qxd1 Qc6 28. a4 Ka8 29. Rc1 Qd5 30. Qh5 bxc5 31. Qxf7 Qxe5 32. Qd7 Qc7 33. Qxe6
Bb4 34. a5 Qc6 35. Qg4 g6 36. h4 Kb7 37. Ra1 Ka6 38. Qc4+ Qb5 39. Qf7 Rd8 40.
Qf6+ 1-0

[Event "Memorial Perezzani A"]
[Site "?"]
[Date "2019.03.03"]
[Round "4.11"]
[White "Di Meo, Antonio"]
[Black "Bettera, Roberto"]
[Result "1/2-1/2"]
[WhiteElo "1812"]
[BlackElo "1945"]
[PlyCount "67"]
[EventDate "2019.??.??"]

1. g4 d5 2. Bg2 c6 3. c4 d4 4. h3 g6 5. d3 Bg7 6. b4 h5 7. g5 a6 8. Nd2 e6 9.
Ne4 Ne7 10. Nf3 Nd7 11. Nd6+ Kf8 12. Ne4 Nf5 13. Rb1 Kg8 14. Qa4 b5 15. Qc2 Bb7
16. c5 Ne5 17. Ned2 Kh7 18. h4 Re8 19. Nb3 Ng4 20. Na5 Qc7 21. Kf1 e5 22. Kg1
Re7 23. Rh3 Rae8 24. Nh2 Re6 25. Bd2 Bc8 26. Nxg4 hxg4 27. Rh1 Rh8 28. Be4 Kg8
29. h5 Bd7 30. Kg2 Re8 31. hxg6 fxg6 32. Rxh8+ Bxh8 33. Rh1 Bg7 34. Qd1 1/2-1/2

[Event "Memorial Perezzani A"]
[Site "?"]
[Date "2019.03.03"]
[Round "4.12"]
[White "Marin, Alessandro"]
[Black "Modena, Giorgio"]
[Result "1-0"]
[WhiteElo "1892"]
[BlackElo "1893"]
[PlyCount "73"]
[EventDate "2019.??.??"]

1. e4 e6 2. d3 d5 3. Nd2 b6 4. Ngf3 Bb7 5. g3 g6 6. Bg2 Bg7 7. O-O Ne7 8. Re1
O-O 9. e5 c5 10. c3 Nbc6 11. Nf1 Qd7 12. h4 Rac8 13. N1h2 Kh8 14. h5 Ng8 15.
Bf4 h6 16. Ng4 g5 17. Bd2 f5 18. exf6 Bxf6 19. Qe2 Rce8 20. Bh3 Bc8 21. Rac1
Qg7 22. Nge5 Nxe5 23. Nxe5 Bxe5 24. Qxe5 Re7 25. Qxg7+ Kxg7 26. f4 gxf4 27.
Bxf4 Rfe8 28. Be5+ Nf6 29. Re3 Rf7 30. Rf1 Ref8 31. Ref3 Bd7 32. g4 Bc8 33. d4
cxd4 34. cxd4 Ba6 35. R1f2 b5 36. Bf1 Bc8 37. Bd3 1-0

[Event "Memorial Perezzani A"]
[Site "?"]
[Date "2019.03.03"]
[Round "5.1"]
[White "Zanchetta, Nicola"]
[Black "Zenari, Marco"]
[Result "1/2-1/2"]
[WhiteElo "2042"]
[BlackElo "2174"]
[PlyCount "103"]
[EventDate "2019.??.??"]

1. d4 Nf6 2. c4 g6 3. Nc3 Bg7 4. e4 d6 5. f3 O-O 6. Be3 Nc6 7. g4 e5 8. d5 Nd4
9. h4 h5 10. g5 Ne8 11. Nce2 c5 12. dxc6 Nxc6 13. c5 Qa5+ 14. Qd2 Qxd2+ 15.
Kxd2 Be6 16. Bh3 Bxh3 17. Nxh3 Rd8 18. Kc2 d5 19. exd5 Rxd5 20. Nc3 Nd4+ 21.
Bxd4 Rxd4 22. Nf2 Nc7 23. Rad1 Ne6 24. Nfe4 Rc8 25. b4 Rxb4 26. Nd5 Rc4+ 27.
Kb3 R8xc5 28. Nxc5 Rxc5 29. Nf6+ Bxf6 30. gxf6 Nd4+ 31. Kb2 Rc2+ 32. Kb1 Rf2
33. Rhf1 Rxf3 34. Rxf3 Nxf3 35. Rd8+ Kh7 36. Rf8 g5 37. Rxf7+ Kg6 38. Rxb7 gxh4
39. f7 Kg7 40. f8=Q+ Kxf8 41. Rh7 h3 42. Rxh5 h2 43. Kc2 Kg7 44. Kd3 Kg6 45.
Rh3 Kg5 46. Ke4 Kg4 47. Rxh2 Nxh2 48. Kxe5 Nf3+ 49. Kd5 Kf5 50. a4 a5 51. Kc5
Ke5 52. Kb5 1/2-1/2

[Event "Memorial Perezzani A"]
[Site "?"]
[Date "2019.03.03"]
[Round "5.2"]
[White "Gregori, Giacomo"]
[Black "Gigovski, Gjoko"]
[Result "0-1"]
[WhiteElo "2301"]
[BlackElo "2152"]
[PlyCount "104"]
[EventDate "2019.??.??"]

1. c4 Nf6 2. Nf3 b6 3. g3 Bb7 4. Bg2 e6 5. O-O Be7 6. Nc3 O-O 7. d4 Ne4 8. Qc2
Nxc3 9. Qxc3 Be4 10. Rd1 c6 11. Bf4 d6 12. Qe3 Bf5 13. Nh4 a5 14. Nxf5 exf5 15.
Qb3 a4 16. Qc2 g6 17. a3 Re8 18. h4 Qc8 19. Rd3 Bf8 20. Re3 Rxe3 21. Bxe3 Nd7
22. Rd1 Nf6 23. Bf4 Qe8 24. Bf3 h5 25. c5 dxc5 26. dxc5 Bxc5 27. Bd6 Ne4 28.
Bxe4 Qxe4 29. Qxe4 fxe4 30. Bxc5 bxc5 31. Kf1 Kg7 32. Ke1 Ra7 33. Rd2 Ra6 34.
Rc2 Ra5 35. Kd2 Kf6 36. Kc3 Ke6 37. Kd2 Kd5 38. Kc1 Rb5 39. Rd2+ Ke6 40. Kc2 e3
41. fxe3 Kf5 42. Rd7 Kg4 43. Rxf7 Kxg3 44. Rf4 c4 45. Rxc4 g5 46. hxg5 Rxg5 47.
Rxa4 h4 48. Rxh4 Kxh4 49. b4 Kg4 50. Kd3 Kf5 51. a4 Rg4 52. Kc3 c5 0-1

[Event "Memorial Perezzani A"]
[Site "?"]
[Date "2019.03.03"]
[Round "5.4"]
[White "Govoni, Fausto"]
[Black "Paler, Adrian"]
[Result "0-1"]
[WhiteElo "2149"]
[BlackElo "2162"]
[PlyCount "112"]
[EventDate "2019.??.??"]

1. e4 c5 2. Nc3 e6 3. Bc4 d6 4. f4 Nc6 5. Nf3 Nf6 6. Qe2 Qc7 7. e5 dxe5 8. fxe5
Ng4 9. d4 cxd4 10. Nb5 Qb6 11. h3 a6 12. hxg4 axb5 13. Bxb5 Bd7 14. Bc4 Be7 15.
b3 Bb4+ 16. Bd2 Qa5 17. a4 Bxd2+ 18. Qxd2 Nxe5 19. Qxa5 Rxa5 20. b4 Nxf3+ 21.
gxf3 Rxa4 22. Rxa4 Bxa4 23. Kd2 Bc6 24. Rf1 Ke7 25. b5 Bd7 26. Kd3 Rd8 27. f4
f6 28. Ke4 Be8 29. Rh1 Rd6 30. f5 exf5+ 31. gxf5 h5 32. Rd1 Kf8 33. Ra1 g5 34.
Ra8 Ke7 35. Rc8 h4 36. Rc7+ Rd7 37. b6 Kd8 38. Rc5 Rd6 39. Bd5 Rxb6 40. Kxd4
Rd6 41. Ra5 Bc6 42. Ra8+ Kc7 43. c4 Rd8 44. Ra7 Bxd5 45. cxd5 Re8 46. Kc5 Re5
47. Ra8 Rxf5 48. Rh8 b6+ 49. Kc4 Rf1 50. Re8 Rc1+ 51. Kd4 h3 52. Re7+ Kd8 53.
Rh7 g4 54. Ke4 g3 55. Kf5 Re1 56. Kxf6 g2 0-1

[Event "Memorial Perezzani A"]
[Site "?"]
[Date "2019.03.03"]
[Round "5.6"]
[White "Faccia, Sergio"]
[Black "Vincenzi, Marco"]
[Result "0-1"]
[WhiteElo "1989"]
[BlackElo "2057"]
[PlyCount "46"]
[EventDate "2019.??.??"]

1. e4 c5 2. b4 cxb4 3. Bb2 d5 4. exd5 Qxd5 5. d4 Nf6 6. Nf3 e6 7. Be2 Be7 8.
O-O O-O 9. a3 Nc6 10. axb4 Nxb4 11. c4 Qf5 12. Na3 Bd7 13. Ne5 Rfd8 14. Qb3 a5
15. f4 a4 16. Qc3 h6 17. g4 Qh7 18. g5 Ne4 19. Qe3 hxg5 20. Bf3 Nd6 21. fxg5
Qh3 22. g6 f6 23. Nxd7 Rxd7 {(24/25) ultime mosse non scritte con linguaggio
comprensibile} 0-1

[Event "Memorial Perezzani A"]
[Site "?"]
[Date "2019.03.03"]
[Round "5.7"]
[White "Pavesi, Brando"]
[Black "Carini, Massimo"]
[Result "1/2-1/2"]
[WhiteElo "2007"]
[BlackElo "1980"]
[PlyCount "48"]
[EventDate "2019.??.??"]

1. d4 d5 2. Bf4 e6 3. e3 Nf6 4. Nf3 Bd6 5. Bg3 b6 6. Nbd2 Bb7 7. Bd3 O-O 8. Qe2
c5 9. c3 Ne4 10. Rd1 f5 11. Ne5 c4 12. Bxe4 fxe4 13. O-O Nc6 14. Qg4 Qe7 15.
Bh4 Qe8 16. f4 Rf5 17. Qh3 Bxe5 18. fxe5 Qg6 19. Rxf5 exf5 20. Rf1 Rf8 21. Rf4
Bc8 $11 22. Nf1 b5 23. Ng3 a5 24. Ne2 Be6 1/2-1/2

[Event "Memorial Perezzani A"]
[Site "?"]
[Date "2019.03.03"]
[Round "5.8"]
[White "Casadio, Niccolò"]
[Black "Bordignon, Angelo"]
[Result "1-0"]
[WhiteElo "1930"]
[BlackElo "2004"]
[PlyCount "40"]
[EventDate "2019.??.??"]

1. d4 d6 2. Bf4 g6 3. Nc3 Bg7 4. e4 Nd7 5. Qd2 c5 6. dxc5 Nxc5 7. Bb5+ Kf8 8.
Nge2 a6 9. Bc4 b5 10. Bd5 Rb8 11. a3 b4 12. axb4 Rxb4 13. Ra2 Qb6 14. O-O h5
15. Be3 Qc7 16. Bxf7 Nxe4 17. Nxe4 Rxe4 18. Bxg6 Rg4 19. Bd3 Qc6 20. f3 Bb7 1-0

[Event "Memorial Perezzani A"]
[Site "?"]
[Date "2019.03.03"]
[Round "5.9"]
[White "Bettera, Roberto"]
[Black "Pasin, Mattia"]
[Result "1-0"]
[WhiteElo "1945"]
[BlackElo "1851"]
[PlyCount "61"]
[EventDate "2019.??.??"]

1. d4 d5 2. Nf3 c6 3. c4 Nf6 4. Nc3 e6 5. e3 Nbd7 6. Qc2 Bd6 7. Bd3 O-O 8. b3
Re8 9. O-O dxc4 10. bxc4 e5 11. Rd1 exd4 12. exd4 c5 13. Nb5 Qb6 14. d5 Ne5 15.
Nxe5 Bxe5 16. Rb1 a6 17. Nc3 Qd6 18. h3 h6 19. Be3 Bxc3 20. Qxc3 Kh8 21. Qa5
Bxh3 22. Qxc5 Qxc5 23. Bxc5 Bg4 24. f3 Bc8 25. a4 Nd7 26. Bd4 a5 27. c5 Nb8 28.
Bb5 Bd7 29. Bxd7 Nxd7 30. Rxb7 Nb8 31. Rxf7 1-0

[Event "Memorial Perezzani A"]
[Site "?"]
[Date "2019.03.03"]
[Round "5.10"]
[White "Baruzzo, Fabio"]
[Black "Marin, Alessandro"]
[Result "0-1"]
[WhiteElo "1813"]
[BlackElo "1892"]
[PlyCount "120"]
[EventDate "2019.??.??"]

1. c4 Nf6 2. Nc3 e5 3. g3 c6 4. Bg2 Bb4 5. e3 O-O 6. Nge2 d5 7. cxd5 cxd5 8. a3
Ba5 9. d4 e4 10. b4 Bc7 11. h3 h6 12. Nb5 Bb6 13. Bd2 a6 14. Nbc3 Nh7 15. Rc1
Be6 16. Nf4 Nc6 17. Na4 Bc7 18. Nc5 Bxf4 19. gxf4 Qe7 20. Rg1 Nf6 21. Bf1 Bf5
22. Qb3 Rfc8 23. a4 b6 24. Nxa6 Qd7 25. h4 Ng4 26. Be2 h5 27. b5 Na5 28. Qd1
Rxc1 29. Bxc1 Rc8 30. Nb4 Qd8 31. Rh1 Be6 32. Bd2 Qd6 33. Qb1 Nf6 34. f3 Bf5
35. Qd1 exf3 36. Bxf3 Be4 37. Rh2 Bxf3 38. Qxf3 Ne4 39. Nc6 Nxc6 40. bxc6 Qxc6
41. Qxh5 Qxa4 42. Qd1 Qc4 43. Rg2 Rc6 44. h5 Qd3 45. Qg4 g6 46. hxg6 Rxg6 47.
Qc8+ Kg7 48. Rxg6+ Kxg6 49. Qg4+ Kf6 50. Qe2 Qxe2+ 51. Kxe2 Nxd2 52. Kxd2 Kf5
53. Kd3 f6 54. e4+ dxe4+ 55. Ke3 b5 56. d5 b4 57. d6 Ke6 58. Kxe4 Kxd6 59. Kd4
b3 60. Kc3 Kd5 0-1

[Event "Memorial Perezzani A"]
[Site "?"]
[Date "2019.03.03"]
[Round "5.11"]
[White "Giuriato, Sergio"]
[Black "Di Meo, Antonio"]
[Result "1-0"]
[WhiteElo "1890"]
[BlackElo "1812"]
[PlyCount "125"]
[EventDate "2019.??.??"]

1. d4 b5 2. e3 Bb7 3. Nf3 a6 4. a4 b4 5. c4 e6 6. Nbd2 Nf6 7. Be2 Be7 8. O-O
O-O 9. Ne5 d6 10. Nd3 a5 11. Bf3 Qc8 12. e4 d5 13. cxd5 exd5 14. e5 Ne4 15. Re1
Ng5 16. Bg4 Qd8 17. f4 Ne4 18. Bf3 Nxd2 19. Bxd2 Qd7 20. Be3 Qd8 21. Qd2 Kh8
22. Rac1 Nd7 23. b3 Rg8 24. g3 Nf8 25. f5 f6 26. Qg2 g6 27. exf6 Bxf6 28. Nc5
Bc6 29. Ne6 Nxe6 30. fxe6 Bb7 31. Rc5 c6 32. Qd2 g5 33. Bh5 Be7 34. Bf7 Rg7 35.
Rf1 Qd6 36. Qc1 Ra6 37. Rf5 h6 38. Qf1 Ra8 39. Qh3 Kh7 40. Rf2 Qc7 41. Qf5+ Kh8
42. Rc1 Qd6 43. Rfc2 Rf8 44. Qh3 Kh7 45. Qf5+ Kh8 46. Qd3 Ra8 47. Qd2 Rf8 48.
Bf2 Qd8 49. Qe2 g4 50. Be3 Rfxf7 51. exf7 Rxf7 52. Bf4 h5 53. Be5+ Kg8 54. Qd3
Bf6 55. Qg6+ Bg7 56. Rf2 Qc7 57. Rxf7 Qxf7 58. Qxf7+ Kxf7 59. Bxg7 Kxg7 60. Rc5
Kf6 61. Rxa5 Kf5 62. Ra7 Bc8 63. Rc7 1-0

[Event "Memorial Perezzani A"]
[Site "?"]
[Date "2019.03.03"]
[Round "5.12"]
[White "Kocur, Marco"]
[Black "Sala, Sergio"]
[Result "1/2-1/2"]
[WhiteElo "1881"]
[BlackElo "1839"]
[PlyCount "22"]
[EventDate "2019.??.??"]

1. d4 d5 2. Nf3 Nf6 3. e3 c6 4. Bd3 Bg4 5. Nbd2 Nbd7 6. c3 Qc7 7. Qc2 e5 8.
dxe5 Nxe5 9. Bf5 Bd6 10. h3 Bxf5 11. Qxf5 Qc8 1/2-1/2